| 000 | 01009nam a22002297a 4500 | ||
|---|---|---|---|
| 001 | EIF-IV-1999-M5-018 | ||
| 003 | OSt | ||
| 005 | 20221109081139.0 | ||
| 008 | 221109b |||||||| |||| 00| 0 eng d | ||
| 040 |
_aFundación Jesús Pereda _cFundación Jesús Pereda |
||
| 041 | _aCastellano | ||
| 100 |
_uUniversidad Complutense de Madrid, Departamento de Historia de la Comunicación Social _aNúñez Díaz-Balart, Mirta _9395 |
||
| 111 |
_aEncuentro de Investigadores del Franquismo _c(Valencia. _d1999. _n4º) _996 |
||
| 245 |
_aPropaganda e información en las instituciones penitenciarias del primer franquismo: _f1939-1945 _c/Mirta Núñez Díaz-Balart |
||
| 650 | 0 |
_9179 _aPropaganda |
|
| 650 | 0 |
_9161 _aMedios de comunicación |
|
| 650 | 0 |
_9123 _aPrimer franquismo |
|
| 650 | 0 |
_9287 _aCondenas |
|
| 773 |
_tActas del IV Encuentro de Investigadores del Franquismo _g674-680 p. |
||
| 856 | _uhttps://bibliotecaccoocyl.fundacionjesuspereda.es/cgi-bin/koha/opac-retrieve-file.pl?id=5a35ac3d749c44c983e8c19424fb746a | ||
| 942 |
_2ddc _cCF _n0 |
||
| 999 |
_c216 _d216 |
||